[Event "Somar's 1st Tournament"]
[Site "SchemingMind.com"]
[Date "2009.11.19"]
[Round "-"]
[White "MOIMOI"]
[Black "nammy"]
[Result "1-0"]
[WhiteCountry "POL"]
[BlackCountry "ENG"]
[WhiteElo "1604"]
[WhiteRD "57"]
[BlackElo "875"]
[BlackRD "61"]
[GameID "227284"]

1. e4 e6 2. d4 Nc6 3. Nc3 d5 4. e5 Be7 5. Qg4 Nh6 6. Qxg7 Rg8 7. Qxh6 Rh8 8. Bb5 a6 9. Bxc6+ bxc6 10. Nf3 c5
11. Ng5 cxd4 12. Qg7 h6 13. Qxh8+ Kd7 14. Qxd8+ Bxd8 15. Nxd5 hxg5 16. Nb4 Ke8 17. h4 c5 18. Bxg5 Ba5 19. O-O-O Bxb4 20. Bf6 Rb8
21. h5 Ba5 22. h6 Bb7 23. h7 Kd7 24. h8=Q Rc8 25. Qg7 Re8 26. Qxf7+ Kc6 27. Qxe8+ Kd5 28. f3 Kc4 29. b3+ Kc3 30. a3 Bd5
31. Rd3#
1-0

[Event "Somar's 1st Tournament"]
[Site "SchemingMind.com"]
[Date "2009.11.19"]
[Round "-"]
[White "MOIMOI"]
[Black "dtedesco"]
[Result "0-1"]
[WhiteCountry "POL"]
[BlackCountry "CAN"]
[WhiteElo "1568"]
[WhiteRD "51"]
[BlackElo "1498"]
[BlackRD "69"]
[GameID "227285"]

1. Nf3 c5 2. e4 Nc6 3. c3 d6 4. Bb5 Nf6 5. d3 Bd7 6. h3 e5 7. Bg5 Be7 8. Nh4 a6 9. Bxc6 Bxc6 10. Qf3 d5
11. Bxf6 Bxf6 12. Nf5 O-O 13. O-O d4 14. c4 b5 15. Nd2 bxc4 16. Nxc4 Qd7 17. Rac1 Rab8 18. h4 Bb5 19. b3 h6= 20. Qg4 Kh7
21. Qe2 Bxc4 22. bxc4 g6 23. Nxh6 Kxh6 24. g3 Qh3 25. Rb1 a5 26. Qd2+ Kh5 27. Qxa5 g5 28. hxg5 Bxg5 29. Qa7 Ra8 30. Qxc5 Rg8
31. Qxe5 Rxa2 32. Qxd4 Be3 33. Qe5+ Kh6 34. Rb6+ Kh7 35. Qf5+ Qxf5 36. exf5 Bxb6 37. Kg2 f6 38. Kf3 Kh6 39. Rh1+ Kg7 40. Rf1 Kh6
41. g4 Kg5 42. Kg3 Re8 43. f3 Re3 44. d4 Bxd4 45. c5 Bxc5 46. Kh3 Kf4 47. g5 Kxg5 48. Rg1+ Kxf5 49. Rf1 Kf4 50. Rh1 Rxf3+
51. Kh4 f5 52. Kh5 Ke4 53. Rh4+ f4 54. Kg5 Be7+
0-1

[Event "Somar's 1st Tournament"]
[Site "SchemingMind.com"]
[Date "2009.11.19"]
[Round "-"]
[White "MOIMOI"]
[Black "somar96"]
[Result "0-1"]
[WhiteCountry "POL"]
[BlackCountry "POL"]
[WhiteElo "1575"]
[WhiteRD "53"]
[BlackElo "1914"]
[BlackRD "62"]
[GameID "227287"]

1. Nf3 c5 2. e4 Nc6 3. Bc4 g6 4. Ng5 e6 5. d3 Bg7 6. c3 Nge7 7. Qf3 O-O 8. Qh3 h6 9. Nf3 d5 10. Bb5 dxe4
11. dxe4 e5 12. Qh4 g5 13. Qg3 Ng6 14. Ng1 Nf4 15. Bxf4 exf4 16. Qd3 Qb6 17. b3 Ne5 18. Qe2 a6 19. Bd3 Nxd3+ 20. Qxd3 Be6
21. Nd2 Rfd8 22. Qc2 c4 23. bxc4 Rac8 24. Ngf3 Bxc4 25. Rb1 Qc6 26. e5 Bd3 27. Qb2 Bxb1 28. Qxb1 Qxc3 29. Qd1 Bxe5 30. O-O Bg7
31. Re1 Rd7 32. Re2 Rcd8 33. h3 Qb4 34. Qc2 Qb2 35. Qe4 Qxa2 36. Nc4 Qa1+ 37. Kh2 b5 38. Nce5 Bxe5 39. Nxe5 Re7 40. Qf5 Rde8
41. Nxf7 Qg7 42. Rxe7 Rxe7 43. Qc8+ Kxf7 44. Qf5+ Qf6 45. Qh7+ Kf8 46. Qd3 Kg7 47. Qd5 f3 48. g3 b4 49. h4 gxh4 50. Qc4 hxg3+
51. fxg3 Re2+ 52. Kh3 Qe6+
0-1

[Event "Somar's 1st Tournament"]
[Site "SchemingMind.com"]
[Date "2009.11.19"]
[Round "-"]
[White "MOIMOI"]
[Black "Paris75"]
[Result "1-0"]
[WhiteCountry "POL"]
[BlackCountry "FRA"]
[WhiteElo "1568"]
[WhiteRD "51"]
[BlackElo "887"]
[BlackRD "130"]
[GameID "227288"]

1. e4 c5 2. Bc4 e6 3. a3 Nc6 4. c3 Nf6 5. d3 d6 6. Bg5 Be7 7. Bb5 Bd7 8. Bxc6 Bxc6 9. Nf3 e5 10. O-O Bd7
11. Nbd2 b6 12. Nc4 Qc7 13. d4 cxd4 14. Ncd2 dxc3 15. bxc3 Qxc3 16. Qe2 Qc8 17. Rfc1 Qb7 18. Nh4 h6 19. Be3 Nxe4 20. Nxe4 Bxh4
21. Qf3 Qa6 22. Nf6+ Bxf6 23. Qxa8+ Bd8 24. Qd5 Be7 25. Rc7 Be6 26. Qc6+ Kd8 27. Rc1 d5 28. Qa8+
1-0

[Event "Somar's 1st Tournament"]
[Site "SchemingMind.com"]
[Date "2009.11.19"]
[Round "-"]
[White "lame wolf"]
[Black "MOIMOI"]
[Result "0-1"]
[WhiteCountry "INT"]
[BlackCountry "POL"]
[WhiteElo "1097"]
[WhiteRD "53"]
[BlackElo "1604"]
[BlackRD "57"]
[GameID "227289"]

1. c4 e5 2. Nc3 Bc5 3. e3 d6 4. d3 Nf6 5. b3 Bb4 6. Ne2 Bg4 7. d4 Bxe2 8. Qxe2 Bxc3+ 9. Kd1 Bxa1 10. Bb2 Bxb2
11. Qxb2 Ne4 12. Kc1 O-O 13. Bd3 f5 14. Bxe4 fxe4 15. d5 Qh4 16. g3 Qf6 17. g4 Qxf2 18. Qxf2 Rxf2
0-1

[Event "Somar's 1st Tournament"]
[Site "SchemingMind.com"]
[Date "2009.11.20"]
[Round "-"]
[White "smothered mate"]
[Black "MOIMOI"]
[Result "1-0"]
[WhiteCountry "POL"]
[BlackCountry "POL"]
[WhiteElo "1874"]
[WhiteRD "70"]
[BlackElo "1568"]
[BlackRD "51"]
[GameID "227290"]

1. e4 d6 2. f4 e6 3. Nf3 g6 4. d3 Bg7 5. Be2 Ne7 6. O-O Nbc6 7. c3 h6 8. Be3 e5 9. Qd2 Bg4 10. Na3 a6
11. h3 Bxf3 12. Bxf3 h5 13. fxe5 Nxe5 14. Be2 c5 15. d4 cxd4 16. cxd4 N5c6 17. Bc4 O-O 18. Qf2 Qe8 19. Rad1 Rd8 20. Bg5 b5
21. Bb3 Kh7 22. Nc2 f6 23. Bc1 Bh6 24. Bxh6 Kxh6 25. d5 Nb8 26. Nd4 Rf7 27. Ne6 Rc8 28. Qf4+ Kh7 29. Ng5+ Kg8 30. Nxf7 Qxf7
31. Qxd6 Qg7 32. Qxe7 Qxe7 33. d6+ Kf8 34. dxe7+ Kxe7 35. e5 f5 36. Rd5 Nd7 37. Rfd1 Nc5 38. Rc1
1-0

[Event "Somar's 1st Tournament"]
[Site "SchemingMind.com"]
[Date "2009.11.19"]
[Round "-"]
[White "dtedesco"]
[Black "MOIMOI"]
[Result "1-0"]
[WhiteCountry "CAN"]
[BlackCountry "POL"]
[WhiteElo "1498"]
[WhiteRD "69"]
[BlackElo "1568"]
[BlackRD "51"]
[GameID "227292"]

1. c4 e5 2. Nc3 Bc5 3. e3 d6 4. Nf3 h6 5. d4 exd4 6. exd4 Qe7+ 7. Be2 Bb4 8. Bd2 Bxc3 9. Bxc3 Bg4 10. O-O Nf6
11. Re1 O-O 12. Qd3 Nbd7 13. Nh4 Bxe2 14. Rxe2 Qd8 15. Rd1 Nh5 16. g3 Qg5 17. d5 Rae8 18. Rde1 Rxe2 19. Rxe2 Nf4 20. Qe4 Nxe2+
21. Qxe2 Ne5 22. Nf3 Qc1+ 23. Kg2 Qxc3 24. bxc3 Re8 25. Nxe5 Rxe5 26. Qd3 a6 27. Qd4 b6 28. a4 a5 29. f4 Re2+ 30. Kh3 g5
31. fxg5 hxg5 32. Qg4 Re5 33. Qc8+ Kg7 34. Qxc7 Re4 35. Qxb6 f5 36. Qc7+ Kg6 37. Qxd6+ Kh5 38. Qa6 Re2 39. g4+ fxg4+ 40. Kg3 Re3+
41. Kg2 Rxc3 42. Qxa5 Rc2+ 43. Kg3 Rxc4 44. d6 Rd4 45. Qc7 Rd3+ 46. Kg2 Rd2+ 47. Kg1 g3 48. d7 gxh2+ 49. Qxh2+
1-0

[Event "Somar's 1st Tournament"]
[Site "SchemingMind.com"]
[Date "2009.11.19"]
[Round "-"]
[White "somar96"]
[Black "MOIMOI"]
[Result "1-0"]
[WhiteCountry "POL"]
[BlackCountry "POL"]
[WhiteElo "1914"]
[WhiteRD "62"]
[BlackElo "1575"]
[BlackRD "53"]
[GameID "227294"]

1. e4 e5 2. Nf3 Qf6 3. Nc3 c6 4. Bc4 Bc5 5. O-O Ne7 6. d4 exd4 7. e5 Qg6 8. Nxd4 O-O 9. Be3 d5 10. Bd3 f5
11. f4 Nd7 12. Na4 Bxd4 13. Bxd4 b6 14. b4 b5 15. Nc5 a5 16. a3 Qh6 17. c3 Ng6 18. g3 Nxc5 19. Bxc5 Re8 20. Qc2 Qh5
21. Bd6 Bd7 22. Bc7 a4 23. Bd6 Kf7 24. Rae1 Ke6 25. Rf2 Qg4 26. Be2 Qh3 27. Bf1 Qg4 28. Qd3 h5 29. h3 Nxf4 30. Rxf4 Qg6
31. Bg2 Qh7 32. h4 Rg8 33. Bh3 Rgf8 34. Ref1 g6 35. Bxf8 Rxf8 36. Qd4 Bc8 37. Qc5 Qc7 38. Qxf8 Kd7 39. Rxf5 Qb6+ 40. Kh1 Kc7
41. Rf7+
1-0

[Event "Somar's 1st Tournament"]
[Site "SchemingMind.com"]
[Date "2009.11.19"]
[Round "-"]
[White "Paris75"]
[Black "MOIMOI"]
[Result "0-1"]
[WhiteCountry "FRA"]
[BlackCountry "POL"]
[WhiteElo "887"]
[WhiteRD "130"]
[BlackElo "1568"]
[BlackRD "51"]
[GameID "227295"]

1. e4 e5 2. Nf3 Nc6 3. d4 exd4 4. Nxd4 Bc5 5. c3 Qf6 6. Be3 d6 7. Bd3 Nxd4 8. Bxd4 Bxd4 9. cxd4 Bd7 10. Be2 Ne7
11. Nc3 c6 12. Qd2 O-O 13. f3 Ng6 14. O-O-O Qe7 15. Rde1 a5 16. g4 b5 17. h4 Nxh4 18. Reg1 Rfc8 19. g5 Ng6 20. Bd3 c5
21. Nd5 Qd8 22. Kb1 c4 23. Bc2 b4 24. Nf4 c3 25. Qe3 cxb2 26. Nxg6 hxg6
0-1

[Event "Somar's 1st Tournament"]
[Site "SchemingMind.com"]
[Date "2009.11.19"]
[Round "-"]
[White "Efren ramos"]
[Black "lame wolf"]
[Result "1-0"]
[WhiteCountry "NCA"]
[BlackCountry "INT"]
[WhiteElo "1788"]
[WhiteRD "88"]
[BlackElo "1097"]
[BlackRD "53"]
[GameID "227380"]

1. d4 d5 2. c4 dxc4 3. Nf3 c6 4. e3 b5 5. a4 b4 6. Bxc4 a5 7. Nbd2 Ba6 8. Ne5 Bxc4 9. Ndxc4 e6 10. Qf3 Nd7
11. Qxf7#
1-0

[Event "Somar's 1st Tournament"]
[Site "SchemingMind.com"]
[Date "2009.11.20"]
[Round "-"]
[White "Efren ramos"]
[Black "smothered mate"]
[Result "0-1"]
[WhiteCountry "NCA"]
[BlackCountry "POL"]
[WhiteElo "1764"]
[WhiteRD "92"]
[BlackElo "1924"]
[BlackRD "71"]
[GameID "227381"]

1. d4 d5 2. c4 e6 3. Nc3 c5 4. cxd5 exd5 5. Nf3 Nc6 6. g3 cxd4 7. Nxd4 Qb6 8. e3 Nf6 9. Bg2 Bg4 10. f3 Be6
11. O-O Be7 12. Kh1 O-O 13. Nce2 Rac8 14. a3 Rfd8 15. b4 Ne5 16. Nf4 Nc4 17. Re1 Ne8 18. Nfxe6 fxe6 19. Bh3 e5 20. Bxc8 exd4
21. exd4 Bf6 22. Be6+ Kf8 23. Rb1 Nc7 24. Bh3 Bxd4 25. Qd3 Kg8 26. Bg5 Rf8 27. Re7 Ne5 28. Qe2 Nxf3 29. Rf1 Nxg5 30. Rxf8+ Kxf8
31. Bd7 Qf6 32. Re8+ Kf7 33. Rc8 Bb6 34. Rxc7 Qa1+
0-1

[Event "Somar's 1st Tournament"]
[Site "SchemingMind.com"]
[Date "2009.11.19"]
[Round "-"]
[White "Efren ramos"]
[Black "nammy"]
[Result "1-0"]
[WhiteCountry "NCA"]
[BlackCountry "ENG"]
[WhiteElo "1764"]
[WhiteRD "92"]
[BlackElo "850"]
[BlackRD "55"]
[GameID "227382"]

1. d4 d6 2. c4 Nc6 3. Nf3 Nf6 4. Nc3 e6 5. e4 d5 6. cxd5 Na5 7. Qa4+ Bd7 8. Qxa5 b6 9. Qa6 c6 10. dxc6 Bxc6
11. Bg5 Nd7 12. Bxd8 Nb8 13. Qd3 Nd7 14. Bh4 b5 15. d5 Bb7 16. dxe6 fxe6 17. O-O-O Nc5 18. Qxb5+ Kf7 19. Rd7+ Kg6 20. Rxb7 Bd6
21. e5 Bf8 22. Bd3+ Kh6 23. Qc4 Nxb7 24. Qf4+ Kh5 25. Qg5#
1-0

[Event "Somar's 1st Tournament"]
[Site "SchemingMind.com"]
[Date "2009.11.19"]
[Round "-"]
[White "Efren ramos"]
[Black "dtedesco"]
[Result "1-0"]
[WhiteCountry "NCA"]
[BlackCountry "CAN"]
[WhiteElo "1807"]
[WhiteRD "92"]
[BlackElo "1498"]
[BlackRD "69"]
[GameID "227383"]

1. d4 d5 2. c4 a6 3. cxd5 Nf6 4. Nc3 b5 5. a3 c6 6. dxc6 Nxc6 7. Nf3 Bb7 8. e4 Qa5 9. Bd3 b4 10. Ne2 g6
11. O-O Bg7 12. d5 Nd8 13. Bd2 Rc8 14. Bxb4 Qb6 15. Qa4+ Nd7 16. Ba5 Qxb2 17. Rab1 Qa2 18. Bxd8 Rxd8 19. Rxb7
1-0

[Event "Somar's 1st Tournament"]
[Site "SchemingMind.com"]
[Date "2009.11.19"]
[Round "-"]
[White "Efren ramos"]
[Black "MOIMOI"]
[Result "1-0"]
[WhiteCountry "NCA"]
[BlackCountry "POL"]
[WhiteElo "1795"]
[WhiteRD "89"]
[BlackElo "1575"]
[BlackRD "53"]
[GameID "227385"]

1. d4 e6 2. c4 d6 3. Nf3 b6 4. Nc3 a6 5. e4 Ne7 6. Bd3 h6 7. O-O Bb7 8. Be3 c5 9. d5 e5 10. Nd2 Nd7
11. f4 f6 12. f5 Qc7 13. Qh5+ Kd8 14. a3 Rg8 15. Qf7 Kc8 16. b4 Kb8 17. bxc5 Nxc5 18. Be2 Ka7 19. a4 g5 20. a5 Bg7
21. axb6+ Kxb6 22. Rfb1+ Ka7 23. Nb5+
1-0

[Event "Somar's 1st Tournament"]
[Site "SchemingMind.com"]
[Date "2009.11.19"]
[Round "-"]
[White "Efren ramos"]
[Black "somar96"]
[Result "1-0"]
[WhiteCountry "NCA"]
[BlackCountry "POL"]
[WhiteElo "1834"]
[WhiteRD "89"]
[BlackElo "1863"]
[BlackRD "57"]
[GameID "227386"]

1. d4 Nf6 2. Nf3 g6 3. c4 Bg7 4. Nc3 d5 5. Qb3 O-O 6. cxd5 c6 7. e4 cxd5 8. e5 Ne4 9. Qxd5 Qxd5 10. Nxd5 Nc6
11. Bb5 Kh8 12. O-O Bg4 13. Bxc6 bxc6 14. Nxe7 c5 15. dxc5 Nxc5 16. Be3 Nd3 17. Nc6 Bxf3 18. gxf3 Nxe5 19. Nxe5 Bxe5 20. Rab1 a5
21. b3 Rfd8 22. Rfd1 Rdc8 23. Bd4 Bxd4 24. Rxd4 Rc2 25. Ra4 Rd8 26. Rxa5 Rdd2 27. Rf1 Rxa2 28. Rxa2 Rxa2 29. Rb1 Ra5 30. b4 Rb5
31. Kf1 Kg7 32. Ke2 Kf6 33. Kd3 Ke5 34. Kc4 Rb8 35. b5 Kd6 36. Rd1+ Kc7 37. Kc5 Re8 38. b6+ Kc8 39. Kc6 Re6+ 40. Rd6 Re7
41. Rf6 h5 42. h4 Rb7 43. f4 Re7 44. f5 gxf5 45. f4 Kb8 46. Kd6 Rb7 47. Kc6 Re7 48. Rh6 Re8 49. Rxh5 Re6+ 50. Kd7 Rxb6
51. Rxf5 Rh6 52. h5 Kb7 53. Ke7 f6 54. Kf7 Kc7 55. Kg7 Rxh5 56. Rxh5 Kd6 57. Kxf6 Kd7 58. Rd5+ Kc6 59. Ke6 Kc7 60. f5 Kc6
61. f6
1-0

[Event "Somar's 1st Tournament"]
[Site "SchemingMind.com"]
[Date "2009.11.19"]
[Round "-"]
[White "lame wolf"]
[Black "Efren ramos"]
[Result "0-1"]
[WhiteCountry "INT"]
[BlackCountry "NCA"]
[WhiteElo "1055"]
[WhiteRD "45"]
[BlackElo "1795"]
[BlackRD "89"]
[GameID "227388"]

1. g4 Nc6 2. Bg2 d5 3. h3 e5 4. e4 Be6 5. d3 h5 6. f3 dxe4 7. dxe4 Qh4+ 8. Kf1 Bc4+ 9. Ne2 Nd4 10. Nd2 Bxe2+
11. Qxe2 Nxe2 12. Kxe2 Bc5 13. Rf1 hxg4 14. fxg4 Ne7 15. Nf3 Qg3 16. Bh1 Rxh3 17. Be3 Bxe3 18. Kd3 O-O-O+ 19. Ke2 Bb6
0-1

[Event "Somar's 1st Tournament"]
[Site "SchemingMind.com"]
[Date "2009.11.20"]
[Round "-"]
[White "smothered mate"]
[Black "Efren ramos"]
[Result "1/2-1/2"]
[WhiteCountry "POL"]
[BlackCountry "NCA"]
[WhiteElo "1918"]
[WhiteRD "74"]
[BlackElo "1834"]
[BlackRD "89"]
[GameID "227389"]

1. e4 c5 2. c3 Nf6 3. e5 Nd5 4. g3 g6 5. Bg2 Nc7 6. Nf3 Bg7 7. O-O O-O 8. d4 cxd4 9. cxd4 d6 10. exd6 exd6
11. Nc3 Nc6 12. a3 Bg4 13. Be3 Rc8 14. d5 Ne5 15. Rc1 Qf6 16. Bf4 Nxf3+ 17. Bxf3 Bxf3 18. Qxf3 Qf5 19. Qg2 Bxc3 20. bxc3 Nxd5
21. Bxd6 Rfd8 22. Bb4 b6 23. c4 Nxb4 24. axb4 a5 25. c5 bxc5 26. bxa5 c4 27. a6 Ra8 28. Qc6 Rdc8 29. Qa4 c3 30. Rfe1 c2
31. Re4 Qd5 32. Rd4 Qc5 33. Rd2 Qb6=
1/2-1/2

[Event "Somar's 1st Tournament"]
[Site "SchemingMind.com"]
[Date "2009.11.20"]
[Round "-"]
[White "nammy"]
[Black "Efren ramos"]
[Result "1-0"]
[WhiteCountry "ENG"]
[BlackCountry "NCA"]
[WhiteElo "850"]
[WhiteRD "55"]
[BlackElo "1764"]
[BlackRD "92"]
[GameID "227390"]

1. e4 c5 2. Ne2 Nc6 3. Nec3 g6 4. Na4 d6 5. Nbc3 a6 6. g3 e6 7. Be2 b5 8. Nb6 Qxb6 9. O-O Bg7 10. f4 Nge7
11. d3 f5 12. g4 Nd4 13. Qe1 Nxc2 14. Qd2 Nxa1 15. Bf3 Bb7 16. Qg2 c4+ 17. Rf2 Bd4 18. h3 Nc2 19. Nd1 Ne1 20. Qf1 Nxf3+
21. Kh1 Bxf2 22. Qg2 fxe4 23. dxe4 Bxe4 24. g5 Nxg5 25. h4 Bxg2+ 26. Kxg2 Qc6+ 27. Kxf2 Qf3+ 28. Ke1 Ne4 29. Nc3 Qf2+ 30. Kd1 Nxc3+
31. bxc3
1-0

[Event "Somar's 1st Tournament"]
[Site "SchemingMind.com"]
[Date "2009.11.19"]
[Round "-"]
[White "dtedesco"]
[Black "Efren ramos"]
[Result "0-1"]
[WhiteCountry "CAN"]
[BlackCountry "NCA"]
[WhiteElo "1498"]
[WhiteRD "69"]
[BlackElo "1807"]
[BlackRD "92"]
[GameID "227391"]

1. c4 Nf6 2. Nc3 e6 3. e4 d5 4. e5 d4 5. exf6 dxc3 6. fxg7 cxd2+ 7. Bxd2 Bxg7 8. Qb3 Nc6 9. Rd1 Qe7 10. Nf3 O-O
11. a3 a5 12. Bc3 f6 13. Be2 a4 14. Qb5 e5 15. O-O Kh8 16. Rd2 Ra7 17. Bb4 Nxb4 18. Qxb4= c5 19. Qc3 Be6 20. Rfd1 b6
21. h3 e4 22. Ne1 f5 23. Qc2 Be5 24. Rd8 Rxd8
0-1

[Event "Somar's 1st Tournament"]
[Site "SchemingMind.com"]
[Date "2009.11.19"]
[Round "-"]
[White "MOIMOI"]
[Black "Efren ramos"]
[Result "0-1"]
[WhiteCountry "POL"]
[BlackCountry "NCA"]
[WhiteElo "1597"]
[WhiteRD "54"]
[BlackElo "1764"]
[BlackRD "92"]
[GameID "227393"]

1. Nf3 d5 2. g3 Nf6 3. Bg2 c6 4. O-O Bg4 5. d3 Nbd7 6. b3 e5 7. Nh4 Be7 8. Nd2 O-O 9. Bf3 Be6 10. e4 Nc5
11. Nf5 Bxf5 12. exf5 Qd7 13. Bg4 g6 14. fxg6 Qxg4 15. gxh7+ Kxh7 16. Nf3 e4 17. Ng5+ Kg6 18. Qd2 Rh8 19. h4 Rxh4 20. Qf4 Qxf4
21. Bxf4 Rh5 22. d4 Ne6 23. Nxe6 fxe6 24. f3 Rah8 25. g4 Rh1+ 26. Kf2 Rxf1+ 27. Rxf1 exf3 28. Kxf3 Rh3+ 29. Kg2 Rc3 30. Rf2 Nxg4
31. Re2 Kf5 32. Bc1 Bg5 33. Bxg5 Kxg5 34. Kg1 Ne3 35. a4 Kf5 36. Rf2+ Ke4 37. Rh2 Rxc2 38. Rh4+ Kd3 39. Rh6 Kxd4 40. Rxe6 Rb2
41. a5 Rxb3 42. Kf2 c5 43. a6 bxa6 44. Rxa6 c4 45. Rxa7 Ng4+ 46. Ke1 c3 47. Kd1 Kd3 48. Kc1 d4 49. Ra4 Rb5 50. Ra2 Rf5
0-1

[Event "Somar's 1st Tournament"]
[Site "SchemingMind.com"]
[Date "2009.11.19"]
[Round "-"]
[White "somar96"]
[Black "Efren ramos"]
[Result "0-1"]
[WhiteCountry "POL"]
[BlackCountry "NCA"]
[WhiteElo "1863"]
[WhiteRD "57"]
[BlackElo "1834"]
[BlackRD "89"]
[GameID "227394"]

1. Nf3 d5 2. c4 c6 3. g3 Nf6 4. Bg2 Bg4 5. O-O Nbd7 6. Qb3 Qb6 7. Nc3 Qxb3 8. axb3 e6 9. d4 Bd6 10. h3 Bh5
11. g4 Bg6 12. g5 Ne4 13. Nxe4 Bxe4 14. c5 Bc7 15. b4 O-O 16. Be3 e5 17. dxe5 Nxe5 18. Nxe5 Bxe5 19. Ra2 Bxg2 20. Kxg2 a6
21. Kf3 f5 22. Rd1 Rae8 23. Bd4 Bxd4 24. Rxd4 Re4 25. e3 Rfe8 26. Ra1 f4 27. Rxe4 Rxe4 28. exf4 Rxb4 29. Re1 Kf7 30. Re2 Rc4
31. f5 Rxc5 32. Kf4 Rb5 33. Ke5 d4+ 34. Kf4 a5 35. h4 a4 36. h5 Rd5 37. g6+ hxg6 38. hxg6+ Kf8 39. Kg5 d3 40. Rd2 c5
41. Kf4 c4 42. Ke4 Rd8 43. Ke3 b5 44. f4 b4 45. Rd1 c3 46. Rxd3 Rxd3+ 47. Kxd3 cxb2 48. Kc2 a3 49. f6 gxf6 50. f5 Kg8
51. Kb1 b3 52. g7 a2+ 53. Kxb2 Kxg7 54. Ka1 Kh6 55. Kb2 Kg5 56. Ka1 Kxf5 57. Kb2 Ke4 58. Ka1 f5 59. Kb2 f4
0-1

[Event "Somar's 1st Tournament"]
[Site "SchemingMind.com"]
[Date "2009.11.19"]
[Round "-"]
[White "Alicante"]
[Black "lame wolf"]
[Result "1-0"]
[WhiteCountry "ESP"]
[BlackCountry "INT"]
[WhiteElo "1477"]
[WhiteRD "95"]
[BlackElo "1055"]
[BlackRD "45"]
[GameID "227423"]

1. d4 b5 2. Nf3 Bb7 3. Bf4 e6 4. c3 d5 5. Nbd2 Bd6 6. Bxd6 Qxd6 7. Ne5 Nd7 8. e3 a6 9. Ndf3 Nxe5 10. Nxe5 Nf6
11. Bd3 O-O 12. Qc2 c5 13. O-O c4 14. Be2 Bc8 15. b3 Qc7 16. bxc4 bxc4 17. Rab1 Rb8 18. Rxb8 Qxb8 19. Rb1 Qc7 20. Qa4 Ne4
21. Qa3 a5 22. Bd1 Ba6 23. Ba4 Rb8 24. Rxb8+ Qxb8 25. Bc2 f6 26. Nc6 Qb6 27. Nxa5 g5 28. f3 Qd6 29. Qxd6 Nxd6 30. Nc6 e5
31. Ne7+ Kf7 32. Nxd5 exd4 33. exd4 h5 34. h3 Ke6 35. Nc7+ Kd7 36. Nxa6 f5 37. Nc5+ Kc6 38. Ne6 g4 39. hxg4 hxg4 40. fxg4 fxg4
41. Ba4+ Kd5 42. Ng5 Ne4 43. Nxe4 Kxe4 44. Bc2+ Kd5 45. g3
1-0

[Event "Somar's 1st Tournament"]
[Site "SchemingMind.com"]
[Date "2009.11.19"]
[Round "-"]
[White "Alicante"]
[Black "Efren ramos"]
[Result "0-1"]
[WhiteCountry "ESP"]
[BlackCountry "NCA"]
[WhiteElo "1515"]
[WhiteRD "94"]
[BlackElo "1764"]
[BlackRD "92"]
[GameID "227424"]

1. d4 Nf6 2. c4 e6 3. Nf3 b6 4. Nc3 Bb7 5. e3 Bb4 6. a3 Be7 7. Be2 O-O 8. O-O d5 9. cxd5 exd5 10. Ne5 Nbd7
11. Nf3 c5 12. dxc5 bxc5 13. Bb5 a6 14. Ba4 Nb6 15. Re1 Ne4 16. Nxe4 dxe4 17. Ne5 Qxd1 18. Rxd1 Nxa4 19. Rb1 Rfd8 20. Bd2 Bf6
21. Nc4 Bd5 22. Na5 Nxb2 23. Rdc1 Nd3 24. Rc2 Rab8 25. Rxb8 Rxb8 26. g3 h5 27. h4 Rb2 28. Rxb2 Nxb2 29. Kf1 Nc4 30. Be1 Nxa5
31. Bxa5 Bc4+ 32. Ke1 Bb2
0-1

[Event "Somar's 1st Tournament"]
[Site "SchemingMind.com"]
[Date "2009.11.20"]
[Round "-"]
[White "Alicante"]
[Black "smothered mate"]
[Result "0-1"]
[WhiteCountry "ESP"]
[BlackCountry "POL"]
[WhiteElo "1515"]
[WhiteRD "94"]
[BlackElo "1924"]
[BlackRD "71"]
[GameID "227425"]

1. d4 d5 2. c4 e6 3. Nc3 c5 4. dxc5 d4 5. Ne4 f5 6. Nd6+ Bxd6 7. cxd6 Qxd6 8. Nf3 Nc6 9. e3 e5 10. exd4 Nxd4
11. Be2 Nf6 12. O-O Be6 13. b3 O-O 14. Nxd4 exd4 15. Bf3 Ne4 16. Bxe4 fxe4 17. Re1 Bf5 18. Bb2 Rad8 19. Rc1 d3 20. Re3 Qf4
21. g3 Qg5 22. h4 Qg6 23. Kh2 Bg4 24. Qd2 Bf3 25. c5 Rf4 26. Rg1 Qh6 27. Kh3 Rg4 28. Qc3 d2 29. Rxf3 exf3 30. Qxf3 Rb4
31. Bc3 Qe6+ 32. Kh2 Re4 33. Qd1 Re2 34. Bxd2 Rdxd2
0-1

[Event "Somar's 1st Tournament"]
[Site "SchemingMind.com"]
[Date "2009.11.19"]
[Round "-"]
[White "Alicante"]
[Black "nammy"]
[Result "1-0"]
[WhiteCountry "ESP"]
[BlackCountry "ENG"]
[WhiteElo "1477"]
[WhiteRD "95"]
[BlackElo "885"]
[BlackRD "57"]
[GameID "227426"]

1. e4 e6 2. d4 Nf6 3. Nc3 d5 4. e5 Nfd7 5. Nf3 Nc6 6. Bb5 Be7 7. O-O Na5 8. b3 c6 9. Be2 f6 10. Bf4 c5
11. Nb5 a6 12. Nd6+ Kf8 13. Nxc8 Qxc8 14. c4 g5 15. Bg3 Bd8 16. exf6 Nxf6 17. Be5 Rg8 18. Qc1 Nd7 19. Bd6+ Kg7 20. Nxg5 h6
21. Nxe6+ Kg6 22. Bd3+ Kf6 23. Qxh6+ Kf7 24. Nxd8+ Qxd8 25. Qh7+ Ke6 26. Bxc5 b6 27. Rfe1+ Kf6 28. Be7+ Qxe7 29. Qxe7#
1-0

[Event "Somar's 1st Tournament"]
[Site "SchemingMind.com"]
[Date "2009.11.19"]
[Round "-"]
[White "Alicante"]
[Black "dtedesco"]
[Result "1/2-1/2"]
[WhiteCountry "ESP"]
[BlackCountry "CAN"]
[WhiteElo "1558"]
[WhiteRD "86"]
[BlackElo "1466"]
[BlackRD "74"]
[GameID "227427"]

1. c4 Nf6 2. d4 g6 3. Nc3 d6 4. e4 Bg7 5. Nf3 O-O 6. Bf4 Bg4 7. Be2 Nbd7 8. e5 dxe5 9. dxe5 Ne8 10. h3 Bxf3
11. Bxf3 c6 12. O-O Nxe5 13. Qxd8 Rxd8 14. Rad1 Rxd1 15. Bxd1 Nxc4 16. b3 Ncd6 17. Nb1 a5 18. Bf3 e5 19. Be3 Nc7 20. Bb6 Ne6
21. Rd1 Nf5 22. Nc3 Bf6 23. Ne4 Bd8 24. Bxd8 Rxd8 25. Rxd8+ Nxd8 26. Nf6+ Kg7 27. Nd7 f6 28. Nc5 b6 29. Nd7 b5 30. Nb8 c5
31. Bc6 Nxc6 32. Nxc6 Nd6 33. Nxa5 c4 34. bxc4 bxc4 35. Kf1 h5 36. Ke2 c3 37. Kd3 e4+ 38. Kxc3 f5 39. Nc4 Nb5+ 40. Kd2 g5
41. g4 Kg6 42. Ne5+ Kf6 43. Nd7+ Ke7 44. Ne5 hxg4 45. hxg4 f4 46. Nc6+ Kd6 47. Nb4 f3 48. Ke3 Ke5 49. Nc6+ Kd6 50. Nd4 Nc3
51. a3 Kd5 52. Nf5 Nd1+ 53. Kd2 Nxf2 54. Ne3+ Kc5 55. Ke1 Nd3+ 56. Kd2 Kb5 57. Nf5 Ka4 58. Ng3 Nf2= 59. Ke3 Nxg4+ 60. Kxe4 Nh2
61. Ke3 Kxa3 62. Kf2 Kb3 63. Ne4 g4 64. Kg3 f2= 65. Nxf2 Nf1+ 66. Kxg4=
1/2-1/2

[Event "Somar's 1st Tournament"]
[Site "SchemingMind.com"]
[Date "2009.11.19"]
[Round "-"]
[White "Alicante"]
[Black "MOIMOI"]
[Result "0-1"]
[WhiteCountry "ESP"]
[BlackCountry "POL"]
[WhiteElo "1477"]
[WhiteRD "95"]
[BlackElo "1575"]
[BlackRD "53"]
[GameID "227429"]

1. g3 d5 2. d4 Bg4 3. f3 Bh5 4. Nc3 e6 5. g4 Qh4+ 6. Kd2 Bg6 7. e3 Bb4 8. a3 Bxc3+ 9. bxc3 Nc6 10. Bd3 Na5
11. a4 Qf2+ 12. Qe2 Qh4 13. Ba3 b6 14. Bxg6 hxg6 15. Rf1 Nc4+ 16. Kc1 Nxa3 17. Qa6 Qg5 18. Kd2 Nc4+ 19. Kc1 Qxe3+ 20. Kb1 Qxc3
0-1